Cassell's History of England: the Jubilee edition. The text revised throughout, and profusely illustrated with new and original drawings by the best artist.
Sparad:
| Huvudupphovsman: | |
|---|---|
| Materialtyp: | Bok |
| Språk: | engelska |
| Publicerad: |
Londres
Cassell & Company, Limited
1890
|
| Upplaga: | 2a. ed |
| Ämnen: | |
| Taggar: |
Lägg till en tagg
Inga taggar, Lägg till första taggen!
|
MARC
| LEADER | 00000nam a2200000 a 4500 | ||
|---|---|---|---|
| 001 | UCJ6879 | ||
| 003 | CL-VaPUC | ||
| 005 | 20231102151814.0 | ||
| 008 | 070124e18900000UK |||||||||||||||||eng|d | ||
| 999 | |c 322981 |d 322979 | ||
| 040 | |c Pontificia Universidad Católica de Valparaíso | ||
| 082 | 0 | 4 | |a 942 CAS 1890 |2 21 |
| 100 | 0 | |a Cassell, John |9 514371 | |
| 245 | 1 | 0 | |a Cassell's History of England: the Jubilee edition. The text revised throughout, and profusely illustrated with new and original drawings by the best artist. |
| 250 | |a 2a. ed | ||
| 260 | |a Londres |b Cassell & Company, Limited |c 1890 | ||
| 300 | |a 5 volúmenes. | ||
| 505 | |a v. 1: from the Roman invasion to the Wars of the Roses. v. 2: from the Wars of the Roses to the Great Rebellion. v. 3: from the Great Rebellion to the Fall of Marlborough. v. 4: from the Fall of Marlborough to the Peninsular War. v. 5: from the Peninsular War to the Death of Sir Robert Peel. | ||
| 583 | |a last modification |c 20070124 00:00:00 |k Rodrigo Vera | ||
| 650 | 0 | |a Prehistoria |9 316557 | |
| 650 | 7 | |a MONARCAS INGLESES |2 CL-VaPUC |9 506933 | |
| 650 | 0 | |a Historia de Inglaterra |9 376029 | |
| 650 | 7 | |a GUERRAS CIVILES |2 CL-VaPUC |9 361938 | |
| 650 | 7 | |a GUERRAS RELIGIOSAS |2 CL-VaPUC |9 510927 | |
| 650 | 7 | |a HERALDICA |2 CL-VaPUC |9 388228 | |
| 650 | 7 | |a COLONIALISMO INGLES |2 CL-VaPUC |9 507148 | |
| 650 | 7 | |a IMPERIO BRITANICO |2 CL-VaPUC |9 435477 | |
| 650 | 0 | |a Mapas |9 260844 | |
| 650 | 0 | |a Iconografía |9 267998 | |
| 650 | 0 | |a Anglicanismo |9 347523 | |
| 651 | 0 | |a Inglaterra |9 255158 | |
| 942 | |c BK |2 ddc | ||
| 945 | |d 20070124 00:00:00 |a rinostro | ||
| 952 | |0 0 |1 0 |4 0 |6 942_000000000000000_CAS_1890 |7 0 |8 X |9 402179 |a FDOBUD |b FDOBUD |d 2019-11-22 |h v.1 |i 105435K |o 942 CAS 1890 |p 105435K |r 2019-11-22 |t 1 |w 2019-11-22 |y BK_X |k BUD | ||
| 952 | |0 0 |1 0 |4 0 |6 942_000000000000000_CAS_1890 |7 0 |8 X |9 402180 |a FDOBUD |b FDOBUD |d 2019-11-22 |h v.2 |i 1054368 |o 942 CAS 1890 |p 1054368 |r 2019-11-22 |t 1 |w 2019-11-22 |y BK_X |k BUD | ||
| 952 | |0 0 |1 0 |4 0 |6 942_000000000000000_CAS_1890 |7 0 |8 X |9 402181 |a FDOBUD |b FDOBUD |d 2019-11-22 |h v.3 |i 1054376 |o 942 CAS 1890 |p 1054376 |r 2019-11-22 |t 1 |w 2019-11-22 |y BK_X |k BUD | ||
| 952 | |0 0 |1 0 |4 0 |6 942_000000000000000_CAS_1890 |7 0 |8 X |9 402182 |a FDOBUD |b FDOBUD |d 2019-11-22 |h v.4 |i 1054384 |o 942 CAS 1890 |p 1054384 |r 2019-11-22 |t 1 |w 2019-11-22 |y BK_X |k BUD | ||
| 952 | |0 0 |1 0 |4 0 |6 942_000000000000000_CAS_1890 |7 0 |8 X |9 402183 |a FDOBUD |b FDOBUD |d 2019-11-22 |h v.5 |i 1054392 |o 942 CAS 1890 |p 1054392 |r 2019-11-22 |t 1 |w 2019-11-22 |y BK_X |k BUD | ||